000 00974cam a22002535a 4500
001 L157986
008 130926s2013 xxk f 000 0 eng d
020 _a9780415527118
035 _a(Sirsi) u157986
041 0 _aeng
050 0 4 _a692.5
100 1 _aCartlidge, Duncan
245 0 0 _aEstimator's pocket book
260 _aOxford
_bRoutledge
_c2013
350 _a19.99
520 _aA concise and practical reference covering the main pricing approaches, as well as useful information such as how to process sub-contractor quotations, tender settlement and adjudication. It is fully up to date with NRM2 throughout, features a look ahead to NRM3 and describes the implications of BIm for estimators.
521 _aAdvanced
590 _aKA
650 2 4 _aESTIMATING
651 4 _aENGLAND AND WALES
690 _aMEASUREMENT
_96256
856 4 0 _zView on VLEbooks. Logins for members only from [email protected]
_uhttps://www.vlebooks.com/
942 _n0
_2ddc
999 _c115056
_d115056